000
00291nam a2200121Ia 4500
008
190216s9999||||xx |||||||||||||| ||und||
100
_a
Asish Boss
245
0
_a
Population Statistics In India
260
_b
Vikas Publishing House
_c
1978
300
_a
445p
650
_a
Economics
942
_c
BK
999
_c
9543
_d
9543